Teoría y problemas de ecuaciones diferenciales / (Record no. 9183)

000 -CABECERA
fixed length control field 00989nam a22002177a 4500
003 - IDENTIFICADOR DEL NÚMERO DE CONTROL
control field AR-CdUCM
008 - DATOS DE LONGITUD FIJA--INFORMACIÓN GENERAL
fixed length control field 190327b ||||| |||| 00| 0 spa d
040 ## - FUENTE DE LA CATALOGACIÓN
Agencia/entidad que catalogó originalmente la obra MUNICIPALIDAD PROVINCIAL DEL CUSCO
Entidad que transcribió la catalogación BIBLIOTECA MUNICIPAL DEL CUSCO
082 ## - NÚMERO DE LA CLASIFICACIÓN DECIMAL DEWEY
No. de Clasificación 515.3 /
Notacion interna AY94
100 ## - ENTRADA PRINCIPAL--NOMBRE DE PERSONA
Nombre Personal Ayres, Frank
245 ## - MENCIÓN DE TÍTULO
Título Teoría y problemas de ecuaciones diferenciales /
260 ## - PUBLICACIÓN, DISTRIBUCIÓN, ETC.
Lugar de publicación, distribución, etc. Colombia :
Nombre de la editorial, distribuidor, etc. McGraw-Hill,
Fecha de publicación, distribución, etc. 1975.
300 ## - DESCRIPCIÓN FÍSICA
Nº de Páginas Extensión 296 páginas ;
Dimensiones 27 cm.
440 ## - MENCIÓN DE SERIE/PUNTO DE ACCESO ADICIONAL--TÍTULO
Título Serie de compendios Schaum.
9 (RLIN) 25186
505 ## - NOTA DE CONTENIDO CON FORMATO
Nota de contenido formateada Contenido : Origen de las ecuaciones diferenciales -- Soluciones de las ecuaciones diferenciales -- Ecuaciones de primer orden y primer grado -- Aplicaciones geométricas -- Aplicaciones físicas -- Ecuaciones de primer orden y grado superior -- Soluciones singulares. Lugares geométricos extraños ...
650 ## - PUNTO DE ACCESO ADICIONAL DE MATERIA--TÉRMINO DE MATERIA
Descriptor Ecuaciones diferenciales
9 (RLIN) 21061
650 ## - PUNTO DE ACCESO ADICIONAL DE MATERIA--TÉRMINO DE MATERIA
Descriptor Matematicas
9 (RLIN) 9398
700 ## - PUNTO DE ACCESO ADICIONAL--NOMBRE DE PERSONA
Nombre Personal Gómez de Dios, Tomás (traductor)
9 (RLIN) 25239
942 ## - ELEMENTOS DE PUNTO DE ACCESO ADICIONAL (KOHA)
Fuente de clasificación
Tipo de item Libros-BMC
945 ## - PROCESAMIENTO DE INFORMACIÓN LOCAL (OCLC)
Catalogador zta
Holdings
Estado de retiro (separado) Fuente de clasificación o esquema de estanterías Estado dañado Ubicación Sala donde se ubica Nombre de la colección Fecha de adquisición o compra Costo, precio normal en soles Signatura topográfica Código de Barras Última vez visto (Koha) Tipo de ítem (Koha)
No     Sala Ciencias Sala Ciencias Book Cart 2019-03-27 45.00 515.3 / AY94 SC0000001213 2019-03-27 Libros-BMC

Powered by Koha